[Event "AUT-chT3 9798"]
[Site "Vorarlberg "]
[Date "1997.12.05"]
[Round "5"]
[White "Stenek, Bruno"]
[Black "Novkovic, Julia"]
[Result "0-1"]
[WhiteElo "1801"]
[BlackElo "2095"]
[PlyCount "42"]
[EventDate "1997.??.??"]
[EventType "team-tourn"]
[EventRounds "9"]
[EventCountry "AUT"]
[SourceTitle "EXT 1999"]
[Source "ChessBase"]
[SourceDate "1998.11.16"]
[SourceVersion "1"]
[SourceVersionDate "1998.11.16"]
[SourceQuality "1"]

1. d4 c5 2. d5 e5 3. dxe6 fxe6 4. e4 Nc6 5. Nc3 Nf6 6. Nf3 Be7 7. Bc4 0-0 8. 0-0 a6 9. a3 b5 10. Bd3 Qc7 11. h3 Nh5 12. Nh2 Nf4 13. Ne2 Nxh3+ 14. gxh3 c4 15. Bxc4 bxc4 16. Ng3 Bc5 17. Ng4 Qxg3+ 18. Kh1 Qxh3+ 19. Nh2 Ne5 20. f4 Bb7 21. Qe2 Ng4 0-1

[Event "AUT-chT 9697"]
[Site "Vorarlberg"]
[Date "1996.??.??"]
[Round "?"]
[White "Mrsic, Robert"]
[Black "Stenek, Bruno"]
[Result "1-0"]
[WhiteElo "1920"]
[BlackElo "1760"]
[PlyCount "37"]
[EventDate "1996.??.??"]
[EventType "team"]
[EventRounds "9"]
[EventCountry "AUT"]
[SourceTitle "EXT 1999"]
[Source "ChessBase"]
[SourceDate "1998.11.16"]
[SourceVersion "1"]
[SourceVersionDate "1998.11.16"]
[SourceQuality "1"]

1. e4 c5 2. Nc3 Nc6 3. f4 d6 4. Bb5 Bd7 5. Nf3 e6 6. 0-0 a6 7. Bxc6 Bxc6 8. d3 Nf6 9. Kh1 Be7 10. Qe1 Qc7 11. a4 g6 12. Ng5 d5 13. f5 h6 14. Nxf7 Ng4 15. Bf4 e5 16. Nxe5 Bd6 17. Nxg4 dxe4 18. Bxd6 Qxd6 19. Nxe4 1-0

[Event "AUT-chT 9596"]
[Site "Vorarlberg"]
[Date "1996.??.??"]
[Round "5"]
[White "Stenek, Bruno"]
[Black "Zanga, Rico"]
[Result "0-1"]
[WhiteElo "1745"]
[BlackElo "1945"]
[PlyCount "70"]
[EventDate "1995.??.??"]
[EventType "team"]
[EventRounds "9"]
[EventCountry "AUT"]
[SourceTitle "EXT 1999"]
[Source "ChessBase"]
[SourceDate "1998.11.16"]
[SourceVersion "1"]
[SourceVersionDate "1998.11.16"]
[SourceQuality "1"]

1. d4 Nf6 2. c4 c5 3. e3 g6 4. Nc3 Bg7 5. Nf3 0-0 6. Be2 cxd4 7. exd4 d5 8. Be3 Nc6 9. 0-0 Re8 10. cxd5 Nxd5 11. Bc4 Be6 12. Bb5 Qb6 13. Qe2 a6 14. Bxc6 Nxc3 15. bxc3 Qxc6 16. Rfc1 b5 17. Bd2 Bd5 18. Ne1 e5 19. Be3 Rac8 20. Qd2 Qe6 21. h3 Red8 22. a4 Ba8 23. axb5 axb5 24. Qb2 Qc4 25. dxe5 Bxe5 26. Bd4 Bf4 27. Rcb1 Be4 28. Rd1 Bb8 29. Qc1 f5 30. f3 Bb7 31. Qh6 Qc7 32. Nd3 Rxd4 33. cxd4 Qh2+ 34. Kf1 Bg3 35. Ne1 Re8 0-1

[Event "AUT-chT 9596"]
[Site "Vorarlberg"]
[Date "1995.??.??"]
[Round "6"]
[White "Flatz, Lothar"]
[Black "Stenek, Bruno"]
[Result "1-0"]
[WhiteElo "1925"]
[BlackElo "1765"]
[PlyCount "117"]
[EventDate "1995.??.??"]
[EventType "team"]
[EventRounds "9"]
[EventCountry "AUT"]
[SourceTitle "EXT 1999"]
[Source "ChessBase"]
[SourceDate "1998.11.16"]
[SourceVersion "1"]
[SourceVersionDate "1998.11.16"]
[SourceQuality "1"]

1. Nf3 d5 2. g3 Nf6 3. Bg2 e6 4. d3 Be7 5. 0-0 0-0 6. Nbd2 c5 7. Re1 Nc6 8. e4 Qc7 9. e5 Nd7 10. Qe2 a5 11. a4 b6 12. Nf1 Ba6 13. c3 Rab8 14. h4 d4 15. c4 Bb7 16. Bf4 Nb4 17. N1h2 Qd8 18. Ng4 Kh8 19. Rad1 Bc6 20. b3 Re8 21. Bg5 f5 22. exf6 Bxf6 23. Nfe5 Nxe5 24. Nxe5 Qc8 25. Nf7+ Kg8 26. Nd6 Qd7 27. Nxe8 Rxe8 28. Bxc6 Nxc6 29. Bxf6 gxf6 30. Qf3 Kg7 31. h5 Rg8 32. h6+ Kf7 33. Qh5+ Rg6 34. f4 Kg8 35. Kf2 Ne7 36. g4 Qd6 37. Qh2 Kf7 38. Rg1 Ng8 39. Rg2 Rxh6 40. Qg3 Rg6 41. Rh1 Nh6 42. Qf3 Kg7 43. Qb7+ Kg8 44. Kf3 Nf7 45. Rxh7 Nd8 46. Rh8+ Kxh8 47. Rh2+ Kg8 48. Qh7+ Kf8 49. Qxg6 Nf7 50. Qxf6 Qc6+ 51. Kg3 Ke8 52. Rh7 Qd7 53. g5 e5 54. fxe5 Qc7 55. Kf4 b5 56. g6 Qxe5+ 57. Qxe5+ Nxe5 58. Kxe5 b4 59. Kf6 1-0

[Event "AUT-chT2W 9495"]
[Site "Austria"]
[Date "1995.??.??"]
[Round "?.4"]
[White "Schmid, Sandro"]
[Black "Stenek, Bruno"]
[Result "1-0"]
[WhiteElo "1860"]
[BlackElo "1750"]
[PlyCount "85"]
[EventDate "1994.??.??"]
[EventType "team"]
[EventRounds "9"]
[EventCountry "AUT"]
[SourceTitle "EXT 1999"]
[Source "ChessBase"]
[SourceDate "1998.11.16"]
[SourceVersion "1"]
[SourceVersionDate "1998.11.16"]
[SourceQuality "1"]

1. e4 c5 2. Nc3 Nc6 3. Nge2 Nf6 4. d4 cxd4 5. Nxd4 e5 6. Ndb5 a6 7. Nd6+ Bxd6 8. Qxd6 Qe7 9. Qxe7+ Nxe7 10. Bg5 Neg8 11. Bc4 h6 12. Be3 Ne7 13. Bb6 0-0 14. 0-0-0 g6 15. Rhe1 Kg7 16. a4 Nfg8 17. a5 h5 18. Bc7 f6 19. Na4 Nc6 20. Nb6 Ra7 21. Nxc8 Rxc8 22. Rxd7+ Nge7 23. Bb6 Raa8 24. Rxb7 Kf8 25. Be6 Rcb8 26. Rxb8+ Rxb8 27. c3 Ke8 28. b4 Nd8 29. Bxd8 Rxd8 30. Kc2 Rd6 31. Bb3 Rd8 32. Ba4+ Kf7 33. Rd1 Ra8 34. c4 f5 35. f3 g5 36. Rd6 h4 37. Bd7 fxe4 38. fxe4 Ng6 39. Bc6 Ra7 40. Rd7+ Rxd7 41. Bxd7 Nf4 42. b5 axb5 43. a6 1-0

[Event "AUT-chT2W 9495"]
[Site "Austria"]
[Date "1994.??.??"]
[Round "?.4"]
[White "Stenek, Bruno"]
[Black "Welsh, Michael"]
[Result "0-1"]
[WhiteElo "1755"]
[BlackElo "1990"]
[PlyCount "60"]
[EventDate "1994.??.??"]
[EventType "team"]
[EventRounds "9"]
[EventCountry "AUT"]
[SourceTitle "EXT 1999"]
[Source "ChessBase"]
[SourceDate "1998.11.16"]
[SourceVersion "1"]
[SourceVersionDate "1998.11.16"]
[SourceQuality "1"]

1. d4 d5 2. c4 e6 3. Nc3 c6 4. e3 f5 5. Nf3 Nf6 6. Bd3 Bd6 7. h3 Nbd7 8. Bd2 Ne4 9. a3 b6 10. b4 0-0 11. Ne2 e5 12. cxd5 cxd5 13. dxe5 Nxe5 14. Ned4 Nxd3+ 15. Ke2 Ndxf2 16. Qb3 Nxh1 17. Qxd5+ Kh8 18. b5 Nhg3+ 19. Ke1 Bd7 20. a4 Rc8 21. Nc6 Bxc6 22. bxc6 Nxd2 23. Qxd2 Rxc6 24. Rd1 Ne4 25. Qb2 Qe7 26. Qd4 Rd8 27. Kf1 Bc7 28. Qa1 Rxd1+ 29. Qxd1 Qa3 30. Ne5 Qxe3 0-1